000 00365nam a2200145Ia 4500
008 230917s9999||||xx |||||||||||||| ||und||
040 _e3906
_aMAIN
041 _aEnglish
082 _a320.9 F495P
100 _aFinkle, Jason L
245 0 _aPolitical development and social change
260 _aNew York
_bJohn Wiley
_c1968
300 _axii, 599 p.
942 _cBK
999 _c53662
_d53662